| 000 | 00522nam a2200193Ia 4500 | ||
|---|---|---|---|
| 005 | 20250508165607.0 | ||
| 008 | 008 250505s9999 xx 000 0 eng d | ||
| 037 | _aTextual | ||
| 040 |
_aFEDL _beng _cFEDL |
||
| 041 |
_aeng _2eng |
||
| 084 |
_a005.13, STE _qFEDL |
||
| 100 |
_aStevens Roger T. _9496137 |
||
| 245 | 0 | _aFractal : Programming in turbo pascal | |
| 260 |
_aCA, USA _bM&T Books _c1990 |
||
| 300 | _a462 | ||
| 365 |
_aUSD _b29.95 |
||
| 942 |
_cTEXL _h005.13, STE |
||
| 999 |
_c1396073 _d1396073 |
||